Score 0/25 Timer 05:00
0 Plays Today
% Correct
Burdened
77.6%
Judge
76.1%
Very
76.1%
False
74.6%
Meek
73.1%
Authority
71.6%
Earth
71.6%
Hallowed
71.6%
Immanuel
71.6%
Opened
71.6%
Soul
71.6%
Three
71.6%
Your
71.6%
% Correct
People
70.1%
Wilderness
70.1%
Glory
68.7%
Quickly
67.2%
Rock
67.2%
City
64.2%
Destruction
64.2%
Nations
64.2%
Law
62.7%
Kingdom
59.7%
Up
59.7%
Zion
58.2%
Remove Ads.
Support Sporcle.
Get the best of Sporcle when you Go Orange. This ad-free experience offers more features, more stats, and more fun while also helping to support Sporcle. Thank you for becoming a member.

You're not logged in!

Compare scores with friends on all Sporcle quizzes.
OR
Log In

Sporcle TV

Today on Sporcle TV


Watch our educational content, quiz creation guides, and fun videos on Sporcle TV.

Show Comments

Extras

Top Quizzes Today


Score Distribution

Paid Content

Your Account Isn't Verified!

In order to create a playlist on Sporcle, you need to verify the email address you used during registration. Go to your Sporcle Settings to finish the process.

Report this User

Report this user for behavior that violates our Community Guidelines.

Details: